Angielski : gramatyka z ćwiczeniami /

সংরক্ষণ করুন:
গ্রন্থ-পঞ্জীর বিবরন
প্রধান লেখক: Zimnoch, Katarzyna (Autor)
সংস্থা লেখক: Edgard, Mariusz Jachimczuk (Wydawca)
বিন্যাস: গ্রন্থ
ভাষা:ইংরেজি
পোলিশ
প্রকাশিত: Warszawa : Wydawnictwo Edgard, 2016.
বিষয়গুলি:
ট্যাগগুলো: ট্যাগ যুক্ত করুন
কোনো ট্যাগ নেই, প্রথমজন হিসাবে ট্যাগ করুন!

MARC

LEADER 00000nam a2200000 i 4500
001 991009997409705066
005 20260515100513.0
008 170601s2016 pl f |000 0 eng c
009 b0000005586247
015 |a UWD 2017/19687 
020 |a 9788377887493  |c zł 29,90 
035 |a 991009997409705066 
035 |a (PL-WaBN)b55862470-48omnis_nlop 
035 |a b55862470 
035 |a (OCoLC)995418199 
035 |a (PL)b0000005586247 
035 |a (EXLNZ-48OMNIS_NETWORK)9910285029305606 
040 |a WA N  |c WA N  |d WR M 
041 0 |a eng  |a pol 
046 |k 2016 
080 |8 1.1\x  |a 811.111'36 
080 |1 .2\x  |a (07) 
084 |a 18 
100 1 |a Zimnoch, Katarzyna  |e Autor 
245 1 0 |a Angielski :  |b gramatyka z ćwiczeniami /  |c Katarzyna Zimnoch. 
260 |a Warszawa :  |b Wydawnictwo Edgard,  |c 2016. 
300 |a 246 stron ;  |c 24 cm. 
336 |a Tekst  |b txt  |2 rdacontent 
337 |a Bez urządzenia pośredniczącego  |b n  |2 rdamedia 
338 |a Wolumin  |b nc  |2 rdacarrier 
380 |a Książki 
380 |a Publikacje dydaktyczne 
385 |m Poziom nauczania  |a A1 (poziom biegłości językowej) 
385 |m Poziom nauczania  |a A2 (poziom biegłości językowej) 
385 |m Poziom nauczania  |a B1 (poziom biegłości językowej) 
385 |m Poziom nauczania  |a Poziom podstawowy 
385 |m Poziom nauczania  |a Poziom niższy średniozaawansowany 
388 1 |a 2001- 
521 8 |a Dla początkujących i średnio zaawansowanych. 
650 7 |a Gramatyka  |2 DBN 
650 7 |a Język angielski (przedmiot szkolny)  |2 DBN 
655 7 |a Ćwiczenia i zadania  |2 DBN 
655 7 |a Kompendia i repetytoria  |2 DBN 
658 |a Edukacja i pedagogika 
658 |a Językoznawstwo 
710 2 |a Edgard, Mariusz Jachimczuk  |e Wydawca  |4 pbl 
942 |2 ddc  |c BK  |n 0 
952 |0 0  |1 0  |2 ddc  |4 0  |6 W__13_000000000000000  |7 0  |9 4  |a WRO  |b WRO  |d 2026-04-10  |e da  |g 10.00  |i WRO-013  |l 1  |o W.13  |p 2000100000137  |r 2026-04-29 22:25:00  |s 2026-04-19  |v 10.00  |w 2026-04-10  |y BK 
999 |c 4  |d 4